Koh-i nidā. (Record no. 330374)
[ view plain ]
| 000 -LEADER | |
|---|---|
| fixed length control field | 00586cam a2200193u 4500 |
| 001 - CONTROL NUMBER | |
| control field | 8509982 |
| 003 - CONTROL NUMBER IDENTIFIER | |
| control field | NUST |
| 005 - DATE AND TIME OF LATEST TRANSACTION | |
| control field | 20170623095236.0 |
| 008 - FIXED-LENGTH DATA ELEMENTS--GENERAL INFORMATION | |
| fixed length control field | 831005s1971 xx 000 0 urdo |
| 010 ## - LIBRARY OF CONGRESS CONTROL NUMBER | |
| LC control number | 71933107 |
| 040 ## - CATALOGING SOURCE | |
| Original cataloging agency | DLC |
| Transcribing agency | CarP |
| Modifying agency | DLC |
| 050 00 - LIBRARY OF CONGRESS CALL NUMBER | |
| Classification number | PK2200.Z333 |
| Item number | K6 1971 (Orien Urd) |
| 082 ## - DEWEY DECIMAL CLASSIFICATION NUMBER | |
| Classification number | 891.4391 |
| Author Mark | ZAI |
| 100 1# - MAIN ENTRY--PERSONAL NAME | |
| Personal name | Zaidi, Muṣt̤afā, |
| Dates associated with a name | 1930-1970. [from old catalog] |
| 9 (RLIN) | 3125 |
| 245 10 - TITLE STATEMENT | |
| Title | Koh-i nidā. |
| 260 ## - PUBLICATION, DISTRIBUTION, ETC. | |
| Date of publication, distribution, etc. | 1971 |
| Place of publication, distribution, etc. | Lahore: |
| Name of publisher, distributor, etc. | Al-hamad publications, |
| 300 ## - PHYSICAL DESCRIPTION | |
| Extent | 112 p. |
| Dimensions | 23 cm. |
| 500 ## - GENERAL NOTE | |
| General note | Romanized. |
| 650 ## - SUBJECT ADDED ENTRY--TOPICAL TERM | |
| Topical term or geographic name entry element | Urdu Literature- Poems |
| 9 (RLIN) | 1989 |
| 880 ## - ALTERNATE GRAPHIC REPRESENTATION | |
| Linkage | 100-01\(3\r |
| Title | مصطفی زیدی |
| 880 ## - ALTERNATE GRAPHIC REPRESENTATION | |
| Linkage | 245-02\(3\r |
| Title | کوہ ندا |
| c | مصطفی زیدی |
| 880 ## - ALTERNATE GRAPHIC REPRESENTATION | |
| Linkage | 260-03\(3\r |
| Title | لاہور: |
| b | الحمد پبلی کیشنز، |
| c | 1998 |
| 906 ## - LOCAL DATA ELEMENT F, LDF (RLIN) | |
| a | 0 |
| b | cbc |
| c | premunv |
| d | u |
| e | ncip |
| f | 19 |
| g | y-gencatlg |
| 942 ## - ADDED ENTRY ELEMENTS (KOHA) | |
| Source of classification or shelving scheme | |
| Koha item type | Book |
| Withdrawn status | Lost status | Source of classification or shelving scheme | Damaged status | Not for loan | Collection code | Permanent Location | Current Location | Shelving location | Date acquired | Total Checkouts | Full call number | Barcode | Date last seen | Copy number | Price effective from | Koha item type |
|---|---|---|---|---|---|---|---|---|---|---|---|---|---|---|---|---|
| Central Library (CL) | Central Library (CL) | Fiction | 06/23/2017 | 891.4391 ZAI | CL2548 | 06/23/2017 | 1 | 06/23/2017 | Book |
